000 00703nam a2200265Ia 4500
005 20260302113915.0
008 008 260114s9999 xx 000 0 eng d
020 _a9798881845766
037 _aTextbook
040 _aCRL
040 _beng
040 _cCRL
041 _2eng
041 _aeng
084 _qCRL
100 _aMark R. Amstutz
_9580670
245 0 _aInternational Ethics Concepts, Theories, and Cases in Global Politics
260 _bBloomsbury
260 _bBloomsbury Academic
260 _c2025
650 _aPolitics
856 _uhttps://doi.org/10.5040/9798881845766?locatt=label:secondary_bloomsburyCollections
942 _cEBOOK
999 _c1680658
_d1680658